LIBRARY ONLINE CATALOGUE

Biostatistics for the biological and health sciences (Record no. 18525)

MARC details
000 -LEADER
fixed length control field 00537nam a22001937a 4500
008 - FIXED-LENGTH DATA ELEMENTS--GENERAL INFORMATION
fixed length control field 200923b xxu||||| |||| 00| 0 eng d
020 ## - INTERNATIONAL STANDARD BOOK NUMBER
International Standard Book Number 1292229365
050 ## - LIBRARY OF CONGRESS CALL NUMBER
Classification number QH323.5
Item number .T75 2019 c.1
100 ## - MAIN ENTRY--PERSONAL NAME
Personal name Triola, Marc M.
245 ## - TITLE STATEMENT
Title Biostatistics for the biological and health sciences
Statement of responsibility, etc. Marc M. Triola
250 ## - EDITION STATEMENT
Edition statement 2nd ed.
Remainder of edition statement Global edition
260 ## - PUBLICATION, DISTRIBUTION, ETC. (IMPRINT)
Place of publication, distribution, etc. Harlow
Name of publisher, distributor, etc. Pearson
Date of publication, distribution, etc. 2019
300 ## - PHYSICAL DESCRIPTION
Extent 715p.
650 ## - SUBJECT ADDED ENTRY--TOPICAL TERM
Topical term or geographic name as entry element Biometry
650 ## - SUBJECT ADDED ENTRY--TOPICAL TERM
Topical term or geographic name as entry element Medical statistics
700 ## - ADDED ENTRY--PERSONAL NAME
Personal name Mario F. Triola
700 ## - ADDED ENTRY--PERSONAL NAME
Personal name Jason Roy
942 ## - ADDED ENTRY ELEMENTS (KOHA)
Source of classification or shelving scheme Library of Congress Classification
Koha item type General Collection
Holdings
Withdrawn status Lost status Source of classification or shelving scheme Not for loan Home library Current library Date acquired Cost, normal purchase price Total Checkouts Total Renewals Full call number Barcode Date last seen Date last checked out Price effective from Koha item type
    Library of Congress Classification   Kabarak, Main Campus Kabarak, Main Campus 23/09/2020 6132.00 2 1 QH323.5 .T75 2019 c.1 029306 07/01/2026 11/09/2025 23/09/2020 General Collection
    Library of Congress Classification   Kabarak, Main Campus Kabarak, Main Campus 23/09/2020 6132.00 2   QH323.5 .T75 2019 c.2 029307 16/02/2023 02/02/2023 23/09/2020 General Collection
    Library of Congress Classification   Kabarak, Main Campus Kabarak, Main Campus 23/09/2020 6132.00 2   QH323.5 .T75 2019 c.3 029308 02/02/2023 13/01/2023 23/09/2020 General Collection